| 000 | 00438nam a22001817a 4500 | ||
|---|---|---|---|
| 005 | 20161006165514.0 | ||
| 008 | 161006b xxu||||| |||| 00| 0 spa d | ||
| 020 | _a9786070707032 | ||
| 041 | _aspa | ||
| 082 | _a133.43 P746m | ||
| 100 |
_aPoque, David _925411 |
||
| 245 | _aMagia para dummies | ||
| 260 |
_aMéxico _bPlaneta _c2011 |
||
| 300 | _a370 páginas | ||
| 650 |
_aMagia _920692 |
||
| 650 |
_aPrincipiantes _925412 |
||
| 942 | _cBK | ||
| 999 |
_c8500 _d8500 |
||